[Event "FICGS no engines 00 email"]
[Site "FICGS email"]
[Date "2012.05.30"]
[Round "1"]
[White "Pech, Jaroslav Sr"]
[Black "Perez, Dailos"]
[Result "0-1"]
[WhiteElo "675"]
[BlackElo "2309"]
[PlyCount "32"]
[EventDate "2012.??.??"]
[EventType "swiss (corr)"]
[EventRounds "1"]
[SourceTitle "Corr 2022"]
[Source "ChessBase"]
[SourceDate "2021.10.24"]
[SourceVersion "1"]
[SourceVersionDate "2021.10.24"]
[SourceQuality "1"]

1. e4 e5 2. Nf3 Nf6 3. Nc3 Nc6 4. Bb5 Bb4 5. 0-0 0-0 6. d3 d6 7. Bg5 Bxc3 8. bxc3 Qe7 9. Re1 Nd8 10. d4 Ne6 11. Bc1 Rd8 12. Bf1 c5 13. d5 Nf8 14. h3 Ng6 15. g3 h6 16. Kh2 Rf8 0-1

[Event "FICGS no engines 00 email"]
[Site "FICGS email"]
[Date "2012.05.30"]
[Round "1"]
[White "Perez, Dailos"]
[Black "Fienchetto, Andy"]
[Result "1-0"]
[WhiteElo "2309"]
[BlackElo "1329"]
[PlyCount "25"]
[EventDate "2012.??.??"]
[EventType "swiss (corr)"]
[EventRounds "1"]
[SourceTitle "Corr 2022"]
[Source "ChessBase"]
[SourceDate "2021.10.24"]
[SourceVersion "1"]
[SourceVersionDate "2021.10.24"]
[SourceQuality "1"]

1. e4 d6 2. d4 Nf6 3. Nc3 g6 4. Nf3 Bg7 5. Be2 0-0 6. 0-0 Bg4 7. Be3 Nc6 8. Qd2 Bxf3 9. Bxf3 e5 10. d5 Ne7 11. Rad1 Nd7 12. Be2 f5 13. g3 1-0

[Event "FICGS no engines 00 email"]
[Site "FICGS email"]
[Date "2012.05.30"]
[Round "1"]
[White "Puzanov, Vasyl"]
[Black "Perez, Dailos"]
[Result "0-1"]
[WhiteElo "2120"]
[BlackElo "2309"]
[PlyCount "28"]
[EventDate "2012.??.??"]
[EventType "swiss (corr)"]
[EventRounds "1"]
[SourceTitle "Corr 2022"]
[Source "ChessBase"]
[SourceDate "2021.10.24"]
[SourceVersion "1"]
[SourceVersionDate "2021.10.24"]
[SourceQuality "1"]

1. f4 d5 2. Nf3 Nf6 3. e3 e6 4. d4 c5 5. c3 Nc6 6. Be2 Bd6 7. Nbd2 0-0 8. 0-0 Qc7 9. Ne5 b6 10. b3 Ne7 11. h3 Nf5 12. Ndf3 Ne4 13. Bb2 Nxe3 14. Qe1 f6 0-1

[Event "FICGS no engines 00 email"]
[Site "FICGS email"]
[Date "2012.05.30"]
[Round "1"]
[White "Rodriguez, Henderb"]
[Black "Perez, Dailos"]
[Result "0-1"]
[WhiteElo "1684"]
[BlackElo "2309"]
[PlyCount "38"]
[EventDate "2012.??.??"]
[EventType "swiss (corr)"]
[EventRounds "1"]
[SourceTitle "Corr 2022"]
[Source "ChessBase"]
[SourceDate "2021.10.24"]
[SourceVersion "1"]
[SourceVersionDate "2021.10.24"]
[SourceQuality "1"]

1. Nf3 Nf6 2. c4 e6 3. Nc3 d5 4. e3 c6 5. cxd5 exd5 6. d4 Nbd7 7. Bd3 Bd6 8. 0-0 0-0 9. a3 Re8 10. Bd2 Ne4 11. Qc2 Qe7 12. b4 Nb6 13. h3 Bf5 14. Rfb1 Qf6 15. Be1 Nc4 16. Bxc4 dxc4 17. Rc1 Ng5 18. Qd1 Nxh3+ 19. gxh3 Bxh3 0-1

[Event "FICGS theme 0001 email"]
[Site "FICGS email"]
[Date "2012.05.07"]
[Round "1"]
[White "Perez, Dailos"]
[Black "Fienchetto, Andy"]
[Result "1-0"]
[WhiteElo "2309"]
[BlackElo "1329"]
[PlyCount "41"]
[EventDate "2012.??.??"]
[EventType "swiss (corr)"]
[EventRounds "1"]
[SourceTitle "Corr 2022"]
[Source "ChessBase"]
[SourceDate "2021.10.24"]
[SourceVersion "1"]
[SourceVersionDate "2021.10.24"]
[SourceQuality "1"]

1. c4 d5 2. cxd5 c6 3. d4 cxd5 4. Nc3 Nc6 5. Nf3 Nf6 6. Bf4 Bf5 7. e3 e6 8. Bd3 Bb4 9. Bxf5 exf5 10. Bg5 0-0 11. Rc1 Re8 12. 0-0 Qd6 13. Bxf6 Qxf6 14. Nxd5 Qd6 15. Qb3 Ba5 16. Qxb7 Rac8 17. Ne5 Qxd5 18. Nxc6 Rc7 19. Ne7+ Rcxe7 20. Qxd5 Bb6 21. Qxf5 1-0

[Event "FICGS theme 0001 email"]
[Site "FICGS email"]
[Date "2012.05.07"]
[Round "1"]
[White "Perez, Dailos"]
[Black "Michow, Jordan"]
[Result "1-0"]
[WhiteElo "2309"]
[BlackElo "1713"]
[PlyCount "65"]
[EventDate "2012.??.??"]
[EventType "swiss (corr)"]
[EventRounds "1"]
[SourceTitle "Corr 2022"]
[Source "ChessBase"]
[SourceDate "2021.10.24"]
[SourceVersion "1"]
[SourceVersionDate "2021.10.24"]
[SourceQuality "1"]

1. c4 d5 2. cxd5 c6 3. d4 Bd7 4. dxc6 bxc6 5. e4 Qb6 6. Nf3 Bg4 7. Nbd2 Nf6 8. Nc4 Qc7 9. h3 Bxf3 10. Qxf3 h6 11. e5 Nd5 12. e6 fxe6 13. Ne5 Nf6 14. Bd3 Qa5+ 15. Bd2 Qd5 16. Bg6+ Kd8 17. Nf7+ Kc8 18. Nxh8 Qxf3 19. gxf3 Nbd7 20. Nf7 Rb8 21. Rc1 Rb6 22. Ba5 Ra6 23. b4 Kb8 24. Bd3 Rxa5 25. bxa5 Nd5 26. Rxc6 Nb4 27. Rc3 Nxa2 28. Rc2 Nb4 29. Rb2 Kc7 30. Rxb4 Nf6 31. Ke2 g5 32. Rc1+ Kd7 33. Bb5# 1-0

[Event "FICGS theme 0001 email"]
[Site "FICGS email"]
[Date "2012.05.07"]
[Round "1"]
[White "Sternik, Ryszard"]
[Black "Perez, Dailos"]
[Result "0-1"]
[WhiteElo "1809"]
[BlackElo "2309"]
[PlyCount "96"]
[EventDate "2012.??.??"]
[EventType "swiss (corr)"]
[EventRounds "1"]
[SourceTitle "Corr 2022"]
[Source "ChessBase"]
[SourceDate "2021.10.24"]
[SourceVersion "1"]
[SourceVersionDate "2021.10.24"]
[SourceQuality "1"]

1. c4 d5 2. cxd5 c6 3. dxc6 Nxc6 4. Nf3 e5 5. Nc3 Nf6 6. d3 h6 7. g3 Bc5 8. Bg2 0-0 9. 0-0 Bg4 10. Bd2 Rc8 11. h3 Be6 12. Rc1 Qd7 13. Kh2 Rfd8 14. Qa4 Qe7 15. Qh4 a6 16. a3 b5 17. b4 Bd6 18. Ne4 Nxe4 19. Qxe4 Qd7 20. Bc3 f5 21. Qe3 f4 22. Qd2 Qe8 23. Qb2 Qh5 24. e3 fxe3 25. fxe3 Bb8 26. Rcd1 Rd7 27. Qb1 Ne7 28. Ba1 Nd5 29. Rde1 Nf6 30. Nd2 Rdc7 31. Rxf6 gxf6 32. Ne4 Qg6 33. Rf1 f5 34. Nc5 Rg7 35. Qe1 Bd6 36. Nxe6 Qxe6 37. Qe2 Bb8 38. e4 f4 39. gxf4 Qb3 40. Rf2 Qxa3 41. Bxe5 Bxe5 42. fxe5 Rd8 43. Rf6 Rxd3 44. Qf2 Qxb4 45. Rxa6 Qe7 46. Qf5 Rg5 47. Rg6+ Rxg6 48. Qxg6+ Qg7 0-1

[Event "FICGS unrated 00001 email"]
[Site "FICGS email"]
[Date "2011.07.06"]
[Round "1"]
[White "Parmet, Daniel Edward"]
[Black "Perez, Dailos"]
[Result "1/2-1/2"]
[WhiteElo "2079"]
[BlackElo "2309"]
[PlyCount "62"]
[EventDate "2011.??.??"]
[EventType "swiss (corr)"]
[EventRounds "1"]
[SourceTitle "Corr 2013"]
[Source "ChessBase"]
[SourceDate "2012.11.12"]
[SourceVersion "1"]
[SourceVersionDate "2012.11.12"]
[SourceQuality "1"]

1. d4 Nf6 2. Nf3 g6 3. c4 Bg7 4. Nc3 d5 5. Bf4 0-0 6. e3 c5 7. dxc5 Qa5 8. Rc1 Rd8 9. Qa4 Qxa4 10. Nxa4 Nc6 11. Ne5 Nxe5 12. Bxe5 Be6 13. b4 Rdc8 14. cxd5 Nxd5 15. Bxg7 Kxg7 16. a3 Bd7 17. Nb2 a5 18. Bc4 e6 19. Bxd5 exd5 20. 0-0 Bb5 21. Rfd1 axb4 22. axb4 Ra2 23. Nd3 d4 24. exd4 Rd8 25. Ne1 Ba4 26. d5 Bxd1 27. Rxd1 Kf6 28. d6 Rda8 29. Kf1 Ra1 30. Rxa1 Rxa1 31. Ke2 Ke6 1/2-1/2

[Event "FICGS no engines 00 email"]
[Site "FICGS email"]
[Date "2010.11.14"]
[Round "1"]
[White "Colarina, Floram"]
[Black "Perez, Dailos"]
[Result "0-1"]
[WhiteElo "1464"]
[BlackElo "2313"]
[PlyCount "52"]
[EventDate "2010.??.??"]
[EventType "swiss (corr)"]
[EventRounds "1"]
[SourceTitle "Corr 2013"]
[Source "ChessBase"]
[SourceDate "2012.11.12"]
[SourceVersion "1"]
[SourceVersionDate "2012.11.12"]
[SourceQuality "1"]

1. d4 Nf6 2. c4 e6 3. Nc3 Bb4 4. Qc2 Nc6 5. Bg5 Nxd4 6. Qd3 e5 7. e4 d6 8. Nge2 Ne6 9. a3 Bxc3+ 10. Nxc3 Nxg5 11. Be2 0-0 12. 0-0 Ne6 13. b4 a5 14. b5 Nd7 15. a4 Ndc5 16. Qd1 Nd4 17. f4 f5 18. exf5 Bxf5 19. fxe5 dxe5 20. Kh1 Nxe2 21. Nxe2 Qxd1 22. Raxd1 Bd3 23. Rxf8+ Rxf8 24. Ng3 Rf4 25. h3 Rxc4 26. Ra1 Rxa4 0-1

[Event "FICGS no engines 00 email"]
[Site "FICGS email"]
[Date "2010.11.14"]
[Round "1"]
[White "Wyngaarden, Martin"]
[Black "Perez, Dailos"]
[Result "0-1"]
[WhiteElo "2143"]
[BlackElo "2313"]
[PlyCount "60"]
[EventDate "2010.??.??"]
[EventType "swiss (corr)"]
[EventRounds "1"]
[SourceTitle "Corr 2013"]
[Source "ChessBase"]
[SourceDate "2012.11.12"]
[SourceVersion "1"]
[SourceVersionDate "2012.11.12"]
[SourceQuality "1"]

1. e4 e5 2. f4 exf4 3. Nf3 d6 4. d4 g5 5. h4 g4 6. Ng1 Bh6 7. Nc3 c6 8. Nge2 Qf6 9. g3 f3 10. Nf4 Qe7 11. Kf2 Nf6 12. Bd3 Nbd7 13. Nfd5 Nxd5 14. exd5 Qf6 15. Re1+ Kd8 16. Bxh6 Qxh6 17. dxc6 bxc6 18. Bf5 Nb6 19. Bxc8 Rxc8 20. Qd3 d5 21. b3 Rc7 22. Re3 Nc8 23. Rae1 Nd6 24. a4 Rf8 25. Re5 f5 26. Re6 Rf6 27. Rxf6 Qxf6 28. Qe3 Rf7 29. Qf4 Ne4+ 30. Kf1 Qxd4 0-1

[Event "FICGS class M 000039 email"]
[Site "FICGS email"]
[Date "2010.08.30"]
[Round "1"]
[White "Clement, George"]
[Black "Perez, Dailos"]
[Result "1/2-1/2"]
[WhiteElo "2155"]
[BlackElo "2313"]
[PlyCount "103"]
[EventDate "2010.??.??"]
[EventType "tourn (corr)"]
[EventRounds "6"]
[EventCategory "1"]
[SourceTitle "Corr 2013"]
[Source "ChessBase"]
[SourceDate "2012.11.12"]
[SourceVersion "1"]
[SourceVersionDate "2012.11.12"]
[SourceQuality "1"]

1. e4 e5 2. Nf3 Nc6 3. d4 exd4 4. Nxd4 Nf6 5. Nxc6 bxc6 6. Bd3 d5 7. exd5 cxd5 8. 0-0 Be7 9. c4 d4 10. Nd2 0-0 11. Ne4 Nxe4 12. Bxe4 Rb8 13. Qd3 h6 14. Re1 Bd6 15. b3 Qf6 16. Re2 c5 17. Bd2 g6 18. Rae1 Kg7 19. g3 Re8 20. Bg2 Rxe2 21. Qxe2 Bd7 22. Qd3 Rh8 23. Qb1 g5 24. Qd3 Rb8 25. Be4 Bc7 26. Bd5 Bf5 27. Qe2 Bd6 28. Qd1 Rd8 29. Kg2 Rc8 30. Qc1 Be6 31. Bxe6 fxe6 32. Qd1 Rf8 33. f3 h5 34. Qe2 e5 35. h3 Qg6 36. Qe4 Rf6 37. Qb7+ Rf7 38. Qd5 g4 39. hxg4 hxg4 40. fxg4 Bc7 41. Rf1 Rxf1 42. Kxf1 Qd3+ 43. Ke1 Qxg3+ 44. Kd1 Qxg4+ 45. Kc1 Qg1+ 46. Kb2 Qf2 47. Qd7+ Qf7 48. Qg4+ Qg6 49. Qd7+ Qf7 50. Qg4+ Qg6 51. Qd7+ Qf7 52. Qg4+ 1/2-1/2